000
00232nam a22001097a 4500
082
_a
824
_b
SUD/P
245
_a
PRIZE WINNING ESSAYS
260
_a
NEW DELHI
_b
SUDHA PUBLICATIONS
300
_a
218
650
_a
ESSAYS
_z
INDIA
942
_c
BK
999
_c
3719
_d
3719